| 000 | 00884cab a2200265 4500 | ||
|---|---|---|---|
| 001 | ABS51823 | ||
| 008 | 090401t1994 xxu||||| |||| 00| 0 eng d | ||
| 035 | _a(Sirsi) u45399 | ||
| 041 | _aeng | ||
| 100 | _aMerron, A. | ||
| 245 | _aArchitectural practices: managing the bank manager | ||
| 260 | _c1994 | ||
| 350 | _a0 | ||
| 490 |
_aArchitects` Journal _v200(18) 10 November 1994, 70-71(2) |
||
| 520 | _aDiscusses ways in which architectural practices can borrow money to fund growth as they recover from the recession. Includes tables of the value of new commissions. | ||
| 650 | _aARCHITECTS | ||
| 650 | _aARCHITECTURAL PRACTICES | ||
| 650 | _aBUSINESS PLANS | ||
| 650 | _aFINANCIAL MANAGEMENT | ||
| 650 | _aPRACTICE MANAGEMENT | ||
| 650 | _aWORKLOAD SURVEYS | ||
| 690 | _aMANAGEMENT-BUSINESS MANAGEMENT-PROFESSIONAL PRACTICE | ||
| 942 | _n0 | ||
| 948 | _c04/03/1997 | ||
| 999 |
_c28816 _d28816 |
||